<?xml version="1.0" encoding="UTF-8"?>
<collection xmlns="http://www.loc.gov/MARC21/slim">
<record>
  <controlfield tag="001">5355</controlfield>
  <controlfield tag="005">20210528002624.0</controlfield>
  <datafield tag="024" ind1="7" ind2=" ">
    <subfield code="a">10.3847/1538-4357/ab7005 </subfield>
    <subfield code="2">DOI</subfield>
  </datafield>
  <datafield tag="037" ind1=" " ind2=" ">
    <subfield code="a">SCART-2021-0096</subfield>
  </datafield>
  <datafield tag="100" ind1=" " ind2=" ">
    <subfield code="a">Zhang, P.J.</subfield>
  </datafield>
  <datafield tag="245" ind1=" " ind2=" ">
    <subfield code="a">The Frequency Drift and Fine Structures of Solar S-bursts in the High Frequency Band of LOFAR</subfield>
  </datafield>
  <datafield tag="260" ind1=" " ind2=" ">
    <subfield code="c">2020</subfield>
  </datafield>
  <datafield tag="520" ind1=" " ind2=" ">
    <subfield code="a">Solar S-bursts are short duration (&lt;1 s at decameter wavelengths) radio bursts that have been observed during periods of moderate solar activity, where S stands for short. The frequency drift of S-bursts can reflect the coronal density variation and the motion state of the electron beams. In this work, we investigate the frequency drift and the fine structure of the S-bursts with the Low Frequency Array (LOFAR). We find that the average frequency drift rate of the S-bursts within 20-180 MHz could be described by df/dt = -0.0077f1.59, combined with previous results in low frequency. With the high time and frequency resolution of LOFAR, we can resolve the fine structures of the observed solar S-bursts. A fine drift variation pattern was found in the structure of S-bursts (referred to as solar Sb-bursts in this paper) during the type-III storm on 2019 April 13, in the frequency band of 120-240 MHz. The Sb-bursts have a quasiperiodic segmented pattern, and the relative flux intensity tends to be large when the frequency drift rate is relatively large. This kind of structure exists in about 20% of the solar S-burst events within the observed frequency range. We propose that the fine structure is due to the density fluctuations of the background coronal density. We performed a simulation based on this theory that can reproduce the shape and relative flux intensity of the Sb-bursts. This work shows that the fine structure of solar radio bursts can be used to diagnose the coronal plasma.</subfield>
  </datafield>
  <datafield tag="536" ind1=" " ind2=" ">
    <subfield code="a">BRAIN.be project CCSOM/</subfield>
    <subfield code="c">BRAIN.be project CCSOM/</subfield>
    <subfield code="f">BRAIN.be project CCSOM</subfield>
  </datafield>
  <datafield tag="594" ind1=" " ind2=" ">
    <subfield code="a">STCE</subfield>
  </datafield>
  <datafield tag="700" ind1=" " ind2=" ">
    <subfield code="a">Zucca, P.</subfield>
  </datafield>
  <datafield tag="700" ind1=" " ind2=" ">
    <subfield code="a">Wang, C.B. </subfield>
  </datafield>
  <datafield tag="700" ind1=" " ind2=" ">
    <subfield code="a">Bisi, M. M. </subfield>
  </datafield>
  <datafield tag="700" ind1=" " ind2=" ">
    <subfield code="a">Da̧browski, B.</subfield>
  </datafield>
  <datafield tag="700" ind1=" " ind2=" ">
    <subfield code="a">Fallows, R. A.</subfield>
  </datafield>
  <datafield tag="700" ind1=" " ind2=" ">
    <subfield code="a">Krankowski, A.</subfield>
  </datafield>
  <datafield tag="700" ind1=" " ind2=" ">
    <subfield code="a">Magdalenic, J.</subfield>
  </datafield>
  <datafield tag="700" ind1=" " ind2=" ">
    <subfield code="a">Mann, G.</subfield>
  </datafield>
  <datafield tag="700" ind1=" " ind2=" ">
    <subfield code="a">Morosan, D. E. </subfield>
  </datafield>
  <datafield tag="700" ind1=" " ind2=" ">
    <subfield code="a">Vocks, C.</subfield>
  </datafield>
  <datafield tag="773" ind1=" " ind2=" ">
    <subfield code="p">The Astrophysical Journal</subfield>
    <subfield code="v">891</subfield>
    <subfield code="y">2020</subfield>
  </datafield>
  <datafield tag="856" ind1="0" ind2=" ">
    <subfield code="f">jasmina.magdalenic@observatoire.be</subfield>
  </datafield>
  <datafield tag="905" ind1=" " ind2=" ">
    <subfield code="a">published in</subfield>
  </datafield>
  <datafield tag="980" ind1=" " ind2=" ">
    <subfield code="a">REFERD</subfield>
  </datafield>
</record>
</collection>